01285nam a22001697a 4500008004100000020002900041050001700070100002200087245006000109260005000169300003100219500002000250505075500270650001601025650003101041700004301072111213t xxu||||| |||| 00| 0 eng d a0130591211 9780130591210 aHB171.5.A837 aAttiyeh, Richard. aBasic economics: theory and cases /cRichard, Attiyeh. aEnglewood Cliffs, N.J:bPrentice-Hall,c1973. avii, 440 p.:bill.;c24cm. aIncludes index. aContents: The Nature of economic problems -- Marginal analysis -- The Theory of consumer choice -- Market demand -- Productivity and costs -- Firm supply -- Market supply -- Price determination and market equilibrim -- Efficiency of the market -- Externalities and public goods -- Imperfect competition -- Income distribution -- National output, expenditure, and income -- Money , real and potential GNP -- Aggregate demand and supply -- Aggregate demand and multiplier -- Fiscal policy -- Investment expenditure, the rate of interest and money -- Money, banking and monetary policy -- Problems in stabilizing a dynamic economy -- International trade --The Balance of payments -- Poverty: Analysis and policy -- Does the American need radical change? aEconomics.  aEconomicsx Case studies.  aBach, George Leland and Keith, Lumsden